Most Streamed Songs #3 (The Neighbourhood) - Statistics

General Stats
  • This quiz has been taken 49 times
  • The average score is 10 of 15
Answer Stats
Hint Answer % Correct
#1 Sweater Weather
97%
#2 Daddy Issues
92%
#6 Afraid
89%
#7 The Beach
87%
#3 Softcore
84%
#5 Reflections
76%
#4 You Get Me So High
74%
#15 A Little Death
68%
#11 Nervous
68%
#8 Cry Baby
66%
#9 Pretty Boy
45%
#14 Flawless
42%
#10 Stargazing
34%
#13 RIP 2 My Youth
29%
#12 Wires
29%
No matching quizzes found
Score Distribution
Percent of People with Each Score
Percentile by Number Answered
Your Score History
You have not taken this quiz